[Event "Evry op"]
[Site "Evry"]
[Date "2005.02.25"]
[Round "7"]
[White "Maisuradze, Nino"]
[Black "Jonckheere, Eric"]
[Result "1-0"]
[WhiteElo "2266"]
[BlackElo "2058"]
[PlyCount "87"]
[EventDate "2005.03.12"]
[EventType "swiss"]
[EventRounds "9"]
[EventCountry "FRA"]
[SourceTitle "EXT 2006"]
[Source "ChessBase"]
[SourceDate "2005.11.24"]
[SourceVersion "1"]
[SourceVersionDate "2005.11.24"]
[SourceQuality "1"]

1. d4 d5 2. c4 e6 3. Nc3 c6 4. e3 f5 5. b3 Bd6 6. Nf3 Nf6 7. Be2 0-0 8. 0-0 Nbd7 9. a4 Qe7 10. Qc2 Ne4 11. Nb1 g5 12. Ba3 Bxa3 13. Rxa3 g4 14. Ne1 Qg5 15. b4 Rf6 16. f3 Rh6 17. fxe4 Rxh2 18. Kxh2 g3+ 19. Kg1 dxe4 20. Nf3 Qh6 21. Bd1 Nf6 22. Nbd2 Bd7 23. Re1 Ng4 24. Nf1 exf3 25. Bxf3 Qh4 26. Bxg4 fxg4 27. e4 Rf8 28. Nxg3 Rf6 29. e5 Rh6 30. Qe4 Be8 31. Kf2 Qg5 32. Qe3 Qg6 33. Ne4 Qf5+ 34. Ke2 Bg6 35. Qxh6 Qxe4+ 36. Kf1 Qxd4 37. Rae3 Qxc4+ 38. Kg1 Qxb4 39. Qg5 Qd4 40. Kh1 c5 41. Re4 Qf2 42. Qxg4 Kh8 43. Qf4 Qxf4 44. Rxf4 1-0

[Event "Evry op"]
[Site "Evry"]
[Date "2005.02.24"]
[Round "6"]
[White "Jonckheere, Eric"]
[Black "Daurelle, Herve"]
[Result "0-1"]
[WhiteElo "2058"]
[BlackElo "2223"]
[PlyCount "42"]
[EventDate "2005.03.12"]
[EventType "swiss"]
[EventRounds "9"]
[EventCountry "FRA"]
[SourceTitle "EXT 2006"]
[Source "ChessBase"]
[SourceDate "2005.11.24"]
[SourceVersion "1"]
[SourceVersionDate "2005.11.24"]
[SourceQuality "1"]

1. c4 e6 2. Nc3 d5 3. d4 c5 4. cxd5 cxd4 5. Qxd4 Nc6 6. Qd1 exd5 7. Qxd5 Bd7 8. Bg5 Nf6 9. Qd2 h6 10. Bh4 g5 11. Bg3 Bb4 12. Qd3 Qa5 13. Bd6 0-0-0 14. Bxb4 Nxb4 15. Qc4+ Kb8 16. 0-0-0 Be6 17. Rxd8+ Rxd8 18. Qb5 Nxa2+ 19. Kc2 Nb4+ 20. Kc1 Qa1+ 21. Nb1 Qxb1+ 0-1

[Event "Evry op"]
[Site "Evry"]
[Date "2005.02.22"]
[Round "2"]
[White "Camus de Solliers, Guillaume"]
[Black "Jonckheere, Eric"]
[Result "1/2-1/2"]
[WhiteElo "2245"]
[BlackElo "2058"]
[PlyCount "93"]
[EventDate "2005.03.12"]
[EventType "swiss"]
[EventRounds "9"]
[EventCountry "FRA"]
[SourceTitle "EXT 2006"]
[Source "ChessBase"]
[SourceDate "2005.11.24"]
[SourceVersion "1"]
[SourceVersionDate "2005.11.24"]
[SourceQuality "1"]

1. d4 f5 2. c4 e6 3. Nc3 d5 4. e3 c6 5. Bd3 Nf6 6. Nge2 Bd6 7. f3 0-0 8. 0-0 b6 9. Qc2 Ba6 10. b3 Qc7 11. g3 Nbd7 12. cxd5 Bxd3 13. Qxd3 Nxd5 14. Bb2 Nxc3 15. Qxc3 e5 16. Rac1 Rac8 17. Rfd1 Rfe8 18. Kf2 Nf6 19. Qc4+ Kh8 20. dxe5 Bxe5 21. Bxe5 Qxe5 22. Qd4 c5 23. Qxe5 Rxe5 24. Rd3 Rce8 25. Rcd1 Kg8 26. h3 Kf7 27. g4 fxg4 28. hxg4 h5 29. gxh5 Nxh5 30. f4 R5e7 31. Nc3 Nf6 32. Kf3 Rh8 33. Rg1 g6 34. Rg2 Rh3+ 35. Rg3 Rxg3+ 36. Kxg3 Ne4+ 37. Nxe4 Rxe4 38. Kf3 Re7 39. e4 b5 40. Ke3 Ke6 41. Rd5 Rc7 42. Rg5 Kf7 43. Kd3 a6 44. Kc3 c4 45. Re5 cxb3+ 46. Kxb3 Rc4 47. a3 1/2-1/2